Don't let sleeping tenants lie (Record no. 82075)

MARC details
000 -LEADER
fixed length control field 01169cam a22002175a 4500
001 - CONTROL NUMBER
control field L149141
008 - FIXED-LENGTH DATA ELEMENTS--GENERAL INFORMATION
fixed length control field 100115s2009 xxk 000 0 eng d
035 ## - SYSTEM CONTROL NUMBER
System control number (Sirsi) u149141
041 0# - LANGUAGE CODE
Language code of text/sound track or separate title eng
100 1# - MAIN ENTRY--PERSONAL NAME
Personal name John, Edward
245 00 - TITLE STATEMENT
Title Don't let sleeping tenants lie
Remainder of title dormant and dissolved tenants
260 ## - PUBLICATION, DISTRIBUTION, ETC.
Date of publication, distribution, etc. 2009
490 #0 - SERIES STATEMENT
Series statement Lovells Real Estate Quarterly
Volume/sequential designation Autumn 2009, 11-12(2)
520 ## - SUMMARY, ETC.
Summary, etc. Landlords undertaking an audit of their corporate tenants may find that a surprising number are dormant (not trading) or have been dissolved (ceased to exist) even though rents continue to be paid. Defines dormant and dissolved in company law terms and outlines the implications for landlords of having these kinds of tenants. Landlords can easily analyse the status of their company tenants by searching the Companies House online database (www.companieshouse.gov.uk).
590 ## - LOCAL NOTE (RLIN)
Local note KA
650 24 - SUBJECT ADDED ENTRY--TOPICAL TERM
Topical term or geographic name entry element COMPANIES ACT 2006 S1169
650 24 - SUBJECT ADDED ENTRY--TOPICAL TERM
Topical term or geographic name entry element LANDLORD AND TENANT ACT 1954
651 #4 - SUBJECT ADDED ENTRY--GEOGRAPHIC NAME
Geographic name England and Wales
Chronological subdivision 1543-
690 ## - LOCAL SUBJECT ADDED ENTRY--TOPICAL TERM (OCLC, RLIN)
Topical term or geographic name as entry element PROPERTY-COMMERCIAL PROPERTY-LEASEHOLD COMMERCIAL PROPERTY-COMMERCIAL LANDLORD AND TENANT-BUSINESS TENANCIES-BUSINESS TENANTS
942 ## - ADDED ENTRY ELEMENTS (KOHA)
Suppress in OPAC 0
Holdings
Withdrawn status Lost status Source of classification or shelving scheme Damaged status Not for loan Home library Current library Shelving location Date acquired Total Checkouts Full call number Barcode Date last seen Copy number Price effective from Koha item type
    Dewey Decimal Classification     London London Journals 15/01/2010   L149141 149141-1001 06/08/2019 1 06/08/2019 Journal article